| 000 | 00569nam a2200169Ia 4500 | ||
|---|---|---|---|
| 003 | GCL | ||
| 008 | 140319s9999 xx 000 0 ara d | ||
| 040 |
_aGCL / _cGCL |
||
| 082 | 0 | 4 |
_aد _b050 |
| 100 | 1 | _aعبداللطيف محمد خليفة | |
| 245 | 1 | 0 |
_aارتقاء القيم (دراسة نفسية) : (عالم المعرفة 160) / _cعبداللطيف محمد خليفة |
| 300 | _a328 ص | ||
| 490 |
_aعالم المعرفة _v0 |
||
| 650 | 0 | 4 | _aعلم النفس - دراسة |
| 650 | 0 | 4 | _aالقيم , القدرات المعرفية |
| 942 |
_2ddc _cBK |
||
| 999 |
_c38840 _d38840 |
||